000 00325nam a22001217a 4500
020 _a0321205685
082 _222
_a005.1
100 _aCohn, Mike.
245 _aUser stories applied :
_bfor agile software development /
260 _aBoston,
_bAddison Wesley,
_cc2004.
300 _axxi, 268p. ;
_bill. ;
_c23 cm.
942 _2ddc
_cIT
999 _c2219
_d2219